| 000 | 00362nam a2200133 a 4500 | ||
|---|---|---|---|
| 005 | 20140414131915.0 | ||
| 008 | 100902s19uu xx 00 eng d | ||
| 050 |
_aFIC _bW24 1993 |
||
| 100 | _aWarner, Gertrude Chandler | ||
| 245 | _aThe castle mystery. | ||
| 260 |
_aNew York : _bScholastic , _c1993. |
||
| 440 | _aThe Boxcar children mystery | ||
| 999 |
_c111407 _d111407 |
||